[Event "26th WSCC 2016 Open 65+"]
[Site "Marianske Lazne, Czech Republic - Hotel Cristal and Continental"]
[Date "2016.11.24"]
[Round "6.87"]
[White "Kratschmer, Heinz"]
[Black "Wibe, Per H"]
[Result "1-0"]
[WhiteElo "2008"]
[BlackElo "1805"]
[PlyCount "117"]
[EventDate "2016.11.19"]

1. d4 Nf6 2. Nf3 d6 3. Nc3 Nbd7 4. e4 e5 5. Bc4 Be7 6. O-O O-O 7. a4 c6 8. Re1
exd4 9. Nxd4 Ne5 10. Bb3 Bg4 11. f3 c5 12. Ndb5 Be6 13. Bd5 Bc8 14. Qe2 a6 15.
Na3 Rb8 16. Be3 Nxd5 17. Nxd5 Be6 18. Red1 Bxd5 19. Rxd5 Qc7 20. Rad1 Rfd8 21.
b3 Nd7 22. Nc4 Nf6 23. R5d2 b5 24. Nb2 Qc6 25. Bf4 Nh5 26. Be3 Bf6 27. axb5
axb5 28. Rd5 g6 29. Nd3 Ng7 30. Nf2 Ne6 31. Ng4 Bg7 32. Qd2 h5 33. Nf2 Bf8 34.
f4 c4 35. bxc4 bxc4 36. f5 Nc7 37. Ra5 Rb5 38. fxg6 fxg6 39. Rxb5 Qxb5 40. Bh6
Qe5 41. Bxf8 Rxf8 42. Qb4 Kg7 43. Qxc4 d5 44. Qd4 Re8 45. Qxe5+ Rxe5 46. c4 d4
47. Rxd4 Ne6 48. Rd5 Kf6 49. g3 Ng5 50. Kg2 Nxe4 51. Rxe5 Kxe5 52. Nxe4 Kxe4
53. h4 Kd4 54. Kf3 Kxc4 55. Kf4 Kd4 56. Kg5 Ke4 57. Kxg6 Kf3 58. Kxh5 Kxg3 59.
Kg5 1-0

[Event "26th WSCC 2016 Open 65+"]
[Site "Marianske Lazne, Czech Republic - Hotel Cristal and Continental"]
[Date "2016.11.24"]
[Round "6.88"]
[White "Malinovsky, Jozef"]
[Black "Andreas, Guenter"]
[Result "0-1"]
[WhiteElo "1794"]
[BlackElo "2006"]
[PlyCount "69"]
[EventDate "2016.11.19"]

1. e4 e5 2. c3 d5 3. d3 dxe4 4. Qa4+ Bd7 5. Qxe4 Nc6 6. Nf3 Nf6 7. Qe2 Bd6 8.
Nbd2 O-O 9. Ne4 Nxe4 10. dxe4 b5 11. Bg5 f6 12. Bd2 Kh8 13. Nh4 Rb8 14. a3 Na5
15. Qd1 Be6 16. b4 Nc4 17. Be2 Qc8 18. Bd3 Nb2 19. Qe2 Nxd3+ 20. Qxd3 Bc4 21.
Qh3 Qe8 22. Nf5 Rd8 23. Qe3 a6 24. Qg3 Rf7 25. h4 Bf8 26. h5 Rd3 27. f3 Rfd7
28. Be3 Be6 29. Nxg7 Rxe3+ 30. Kf2 Rxg7 31. Qxg7+ Bxg7 32. Kxe3 Bh6+ 33. Kf2
Qc6 34. Kg3 Qxc3 35. Rac1 0-1

[Event "26th WSCC 2016 Open 65+"]
[Site "Marianske Lazne, Czech Republic - Hotel Cristal and Continental"]
[Date "2016.11.24"]
[Round "6.89"]
[White "Kolek, Josef"]
[Black "Ramusch, Arnulf"]
[Result "1/2-1/2"]
[WhiteElo "1801"]
[BlackElo "2001"]
[PlyCount "96"]
[EventDate "2016.11.19"]

1. e4 c5 2. Nf3 e6 3. d4 cxd4 4. Nxd4 a6 5. Nc3 b5 6. Bd3 d6 7. Be3 Nf6 8. f3
Bb7 9. Qd2 Nc6 10. a3 Rc8 11. O-O Be7 12. Nxc6 Bxc6 13. Rfd1 Nd7 14. a4 b4 15.
Ne2 a5 16. Nd4 Bb7 17. Nb5 d5 18. exd5 exd5 19. Nd4 O-O 20. c3 Ne5 21. Nf5 Nc4
22. Bxc4 dxc4 23. Qf2 Qc7 24. Nxe7+ Qxe7 25. Bd4 Qg5 26. Be3 Qf5 27. Rd2 bxc3
28. bxc3 Bc6 29. Rd4 Qe6 30. Bf4 Rfd8 31. Re1 Qf5 32. Rxc4 Bd5 33. Rxc8 Qxc8
34. Qb6 Bc6 35. Qc7 Bxa4 36. Ra1 Qxc7 37. Bxc7 Rd1+ 38. Rxd1 Bxd1 39. Bxa5 Kf8
40. Kf2 Ke7 41. Ke3 Ke6 42. Kd4 h5 43. h4 Kd6 44. Bb4+ Kc6 45. f4 Bg4 46. Ke5
g6 47. Kf6 Be6 48. Ke5 Kb5 1/2-1/2

[Event "26th WSCC 2016 Open 65+"]
[Site "Marianske Lazne, Czech Republic - Hotel Cristal and Continental"]
[Date "2016.11.24"]
[Round "6.90"]
[White "Hartlaub, Marianne"]
[Black "Zilbershtein, Victor"]
[Result "0-1"]
[WhiteElo "1558"]
[BlackElo "1716"]
[PlyCount "62"]
[EventDate "2016.11.19"]

1. Nf3 c5 2. c4 Nc6 3. g3 b6 4. Bg2 Bb7 5. O-O Nf6 6. d3 e6 7. b3 d5 8. cxd5
exd5 9. Nbd2 Bd6 10. Bb2 O-O 11. Re1 Re8 12. Rc1 Rc8 13. a3 Rc7 14. Rc2 d4 15.
Nf1 Qa8 16. h3 Rce7 17. Bc1 Ne5 18. N1h2 Bd5 19. Bg5 Nxf3+ 20. Nxf3 Bxf3 21.
Bxf3 Qxf3 22. Rf1 Rxe2 23. Bxf6 gxf6 24. Rd2 Bxg3 25. Rxe2 Rxe2 26. Qxe2 Qxe2
27. fxg3 Qxd3 28. Kg2 Qxb3 29. Rxf6 d3 30. Rd6 Qc2+ 31. Kf3 d2 0-1

[Event "26th WSCC 2016 Open 65+"]
[Site "Marianske Lazne, Czech Republic - Hotel Cristal and Continental"]
[Date "2016.11.24"]
[Round "6.91"]
[White "Vrchotka, Josef"]
[Black "Kaldybayev, Orazbek"]
[Result "1/2-1/2"]
[WhiteElo "1994"]
[BlackElo "1793"]
[PlyCount "105"]
[EventDate "2016.11.19"]

1. e4 c5 2. Nc3 Nc6 3. g3 g6 4. Bg2 Bg7 5. d3 d6 6. f4 e6 7. Nf3 Nge7 8. O-O
O-O 9. Ne2 b5 10. g4 Rb8 11. Ng3 f5 12. h3 b4 13. Rb1 Qa5 14. b3 Qxa2 15. Be3
Qa5 16. gxf5 exf5 17. exf5 Nxf5 18. Nxf5 Bxf5 19. Ng5 Ne7 20. Re1 h6 21. Nf3
Nd5 22. Bd2 Nc3 23. Bxc3 Bxc3 24. Rf1 Rbe8 25. Nh4 Qc7 26. Nxf5 Rxf5 27. Be4
Rf6 28. Qg4 Qf7 29. Qg2 Kh8 30. Kh1 Rf8 31. Bd5 Qg7 32. Be4 Rxf4 33. Rxf4 Rxf4
34. Bxg6 Qf8 35. Rg1 Rf2 36. Qb7 Bg7 37. d4 Rf1 38. Bd3 Rxg1+ 39. Kxg1 Bxd4+
40. Kh1 Bg7 41. Qe4 Kg8 42. Bc4+ Kh8 43. Kg2 Qd8 44. Kh1 Bf6 45. Qe3 Qf8 46.
Qe6 Bd8 47. Qd5 Bg5 48. Kg2 Kg7 49. Qb7+ Qe7 50. Qxe7+ Bxe7 51. Kf3 Bg5 52. Ke4
Kf6 53. Kd5 {unreadable} 1/2-1/2

[Event "26th WSCC 2016 Open 65+"]
[Site "Marianske Lazne, Czech Republic - Hotel Cristal and Continental"]
[Date "2016.11.24"]
[Round "6.92"]
[White "Blaushtain, Boris"]
[Black "Freeke, Kees"]
[Result "1-0"]
[WhiteElo "1991"]
[BlackElo "1791"]
[PlyCount "90"]
[EventDate "2016.11.19"]

1. c4 f5 2. Nc3 Nf6 3. g3 d6 4. d4 e6 5. Bg2 Be7 6. Nf3 O-O 7. Qc2 a5 8. b3 Nc6
9. Bb2 Qe8 10. a3 e5 11. d5 Nb8 12. O-O-O Ng4 13. e3 Bd7 14. h3 Nf6 15. Ne2 Ne4
16. Nc3 Nxc3 17. Bxc3 Na6 18. Bb2 b5 19. Bf1 bxc4 20. Bxc4 Bb5 21. Nxe5 Bxc4
22. Nxc4 Nc5 23. Bd4 a4 24. b4 Nb3+ 25. Kb1 Qf7 26. Bb2 g6 27. Qc3 Bf6 28. Qxf6
Qxf6 29. Bxf6 Rxf6 30. Ka2 g5 31. h4 h6 32. hxg5 hxg5 33. Rh5 Rg6 34. Rdh1 Kf7
35. Rd1 f4 36. gxf4 gxf4 37. Rf5+ Rf6 38. Rxf6+ Kxf6 39. Nb2 fxe3 40. fxe3 Ke5
41. Nxa4 Rxa4 42. Kxb3 Ra8 43. a4 Ke4 44. a5 Kxe3 45. Kc4 Re8 1-0

[Event "26th WSCC 2016 Open 65+"]
[Site "Marianske Lazne, Czech Republic - Hotel Cristal and Continental"]
[Date "2016.11.24"]
[Round "6.93"]
[White "Strand, Kjetil"]
[Black "Svec, Ludek"]
[Result "1-0"]
[WhiteElo "1990"]
[BlackElo "1702"]
[PlyCount "35"]
[EventDate "2016.11.19"]

1. e4 c5 2. Nf3 e6 3. d4 cxd4 4. Nxd4 Nf6 5. Nc3 Nc6 6. Ndb5 Bb4 7. Bf4 Nxe4 8.
Qf3 d5 9. Nc7+ Kf8 10. O-O-O Bxc3 11. bxc3 e5 12. Nxd5 Nxf2 13. Qxf2 exf4 14.
Qc5+ Ke8 15. Bb5 Be6 16. Bxc6+ bxc6 17. Qxc6+ Kf8 18. Qc5+ 1-0

[Event "26th WSCC 2016 Open 65+"]
[Site "Marianske Lazne, Czech Republic - Hotel Cristal and Continental"]
[Date "2016.11.24"]
[Round "6.94"]
[White "Kasik, Miroslav"]
[Black "Jorgensen, Arne Bjorn"]
[Result "1/2-1/2"]
[WhiteElo "1779"]
[BlackElo "1965"]
[PlyCount "27"]
[EventDate "2016.11.19"]

1. e4 e6 2. d4 d5 3. Nd2 dxe4 4. Nxe4 Be7 5. Nf3 Nd7 6. c3 Ngf6 7. Nxf6+ Nxf6
8. Bg5 O-O 9. Be2 b6 10. Ne5 Bb7 11. Bf3 Bd5 12. Nc6 Bxc6 13. Bxc6 Rb8 14. Qf3
$11 1/2-1/2

[Event "26th WSCC 2016 Open 65+"]
[Site "Marianske Lazne, Czech Republic - Hotel Cristal and Continental"]
[Date "2016.11.24"]
[Round "6.95"]
[White "Halla, Jiri"]
[Black "Taksrud, Vidar"]
[Result "1/2-1/2"]
[WhiteElo "1770"]
[BlackElo "1964"]
[PlyCount "87"]
[EventDate "2016.11.19"]

1. e4 c6 2. d4 d5 3. exd5 cxd5 4. Bd3 Nf6 5. Nf3 Nc6 6. c3 Bg4 7. Nbd2 e6 8.
O-O Bd6 9. Re1 O-O 10. Nf1 Qc7 11. Bg5 Nd7 12. h3 Bxf3 13. Qxf3 e5 14. dxe5
Ncxe5 15. Qxd5 Nb6 16. Qe4 f5 17. Qe2 Rae8 18. Qc2 h6 19. Bd2 Qd7 20. Qb3+ Kh8
21. Bb5 Nc6 22. Rxe8 Rxe8 23. Rd1 Qc7 24. Be3 f4 25. Bxb6 axb6 26. Qd5 Bc5 27.
Qd7 Qe5 28. Qd5 Qf6 29. Qf3 Ne5 30. Qd5 Qh4 31. Rd2 Re7 32. b4 Bxf2+ 33. Rxf2
f3 34. Rxf3 Nxf3+ 35. Qxf3 Qe1 36. Bc4 Re8 37. Qf5 Qxc3 38. Bd3 Kg8 39. Qh7+
Kf8 40. Qf5+ Kg8 41. Qh7+ Kf8 42. Qf5+ Kg8 43. Qh7+ Kf8 44. Qf5+ 1/2-1/2

[Event "26th WSCC 2016 Open 65+"]
[Site "Marianske Lazne, Czech Republic - Hotel Cristal and Continental"]
[Date "2016.11.24"]
[Round "6.96"]
[White "Peierl, Walter"]
[Black "Cao, Jorge"]
[Result "0-1"]
[WhiteElo "1741"]
[BlackElo "1962"]
[PlyCount "94"]
[EventDate "2016.11.19"]

1. e4 e6 2. d4 d5 3. Nc3 Nf6 4. Bd3 Be7 5. Nge2 dxe4 6. Nxe4 Nbd7 7. c3 b6 8.
N2g3 Bb7 9. Qc2 O-O 10. O-O Rc8 11. Be3 h6 12. Rad1 Nxe4 13. Bxe4 Bxe4 14. Qxe4
Nf6 15. Qd3 c6 16. Qe2 Qc7 17. f4 Rfd8 18. f5 e5 19. dxe5 Qxe5 20. Qf3 Bc5 21.
Bxc5 Qxc5+ 22. Kh1 Re8 23. Rd4 Re5 24. h3 Qe7 25. Rdd1 c5 26. Rd3 Re8 27. Qf2
Kf8 28. a3 Re1 29. Rxe1 Qxe1+ 30. Qxe1 Rxe1+ 31. Kh2 h5 32. Nh1 Re2 33. b4 Ra2
34. bxc5 bxc5 35. c4 Ke7 36. Ng3 Rc2 37. Re3+ Kd7 38. Ne4 Rxc4 39. Ng5 Nd5 40.
Rb3 Kc7 41. Nxf7 Rf4 42. Ng5 Rxf5 43. Ne6+ Kc6 44. Nxg7 Re5 45. Rb8 c4 46. Ne8
c3 47. Nf6 Nb6 0-1

[Event "26th WSCC 2016 Open 65+"]
[Site "Marianske Lazne, Czech Republic - Hotel Cristal and Continental"]
[Date "2016.11.24"]
[Round "6.97"]
[White "Barboza, Mauro"]
[Black "Zurel, Maxim"]
[Result "1-0"]
[WhiteElo "1944"]
[BlackElo "1635"]
[PlyCount "88"]
[EventDate "2016.11.19"]

1. e4 e5 2. Nf3 d6 3. d4 exd4 4. Bc4 Be7 5. Nxd4 Nf6 6. O-O O-O 7. Re1 Bd7 8.
Nc3 Nc6 9. Be3 Ne5 10. Bb3 c5 11. Nf3 Nxf3+ 12. Qxf3 b5 13. Bd5 Rb8 14. a3 a5
15. h3 Be6 16. Rad1 Qc7 17. Bf4 b4 18. Ne2 Bxd5 19. exd5 Ne8 20. Ng3 Bf6 21.
Bc1 Qd7 22. Re2 Be5 23. axb4 axb4 24. Qe3 Nc7 25. Qf3 f5 26. Nh5 Qf7 27. Nf4
Rbe8 28. Rde1 Nb5 29. Be3 Nc7 30. Bc1 g6 31. Nd3 Bg7 32. Bf4 Nb5 33. Qg3 Rxe2
34. Rxe2 Qxd5 35. Re7 Qc6 36. Qe3 Be5 37. Nxe5 Qe4 38. Nf3 Qxe3 39. Bxe3 f4 40.
Bd2 Rd8 41. Bxf4 d5 42. Ng5 h6 43. Ne6 Rc8 44. Rg7+ Kh8 1-0

[Event "26th WSCC 2016 Open 65+"]
[Site "Marianske Lazne, Czech Republic - Hotel Cristal and Continental"]
[Date "2016.11.24"]
[Round "6.99"]
[White "Biza, Miroslav"]
[Black "Scharff, Klaus"]
[Result "0-1"]
[WhiteElo "1728"]
[BlackElo "1934"]
[PlyCount "80"]
[EventDate "2016.11.19"]

1. d4 e6 2. Bf4 g6 3. e4 Bg7 4. Nc3 a6 5. Qd2 b5 6. Be3 d6 7. g4 Bd7 8. h4 h5
9. g5 Ne7 10. f4 b4 11. Nd1 a5 12. a3 bxa3 13. Rxa3 a4 14. Nc3 d5 15. Bg2 Bc6
16. e5 Nf5 17. Nge2 Bf8 18. Ra1 Nd7 19. Nc1 Nb6 20. b3 axb3 21. Rxa8 Qxa8 22.
cxb3 Bb4 23. Bf2 Qa1 24. Rh3 O-O 25. Kf1 Ra8 26. Be1 Nd7 27. Kg1 Nxd4 28. Kh2
Nf5 29. Nd3 Bxc3 30. Qxc3 Qxc3 31. Bxc3 Ra2 32. Nb4 Rxg2+ 33. Kxg2 Bb7 34. Be1
c5 35. Nc2 d4+ 36. Kf2 Be4 37. Na3 Nb6 38. Ba5 Nd5 39. Nc4 Nxf4 40. Rh1 Bxh1
0-1

[Event "26th WSCC 2016 Open 65+"]
[Site "Marianske Lazne, Czech Republic - Hotel Cristal and Continental"]
[Date "2016.11.24"]
[Round "6.100"]
[White "Londin, Milan"]
[Black "Bernhoeft, Erhard"]
[Result "1/2-1/2"]
[WhiteElo "1754"]
[BlackElo "1962"]
[PlyCount "112"]
[EventDate "2016.11.19"]

1. e4 c5 2. Nf3 e6 3. d4 cxd4 4. Nxd4 Qb6 5. Nb3 Nf6 6. Be3 Qb4+ 7. Qd2 Nxe4 8.
Qxb4 Bxb4+ 9. c3 Be7 10. Bd3 Nf6 11. N1d2 b6 12. h3 Bb7 13. O-O Nc6 14. Be2 Nd5
15. Rae1 Nxe3 16. fxe3 Bh4 17. Rd1 Rd8 18. Nf3 Be7 19. Nfd4 O-O 20. Nxc6 Bxc6
21. Nd4 Bb7 22. Kf2 a6 23. Bf3 d5 24. g3 g6 25. h4 e5 26. Nc2 Rd7 27. Rh1 b5
28. g4 Bc5 29. g5 f6 30. Bg4 Re7 31. Kg3 f5 32. Bf3 e4 33. Be2 Bd6+ 34. Kg2 f4
35. exf4 Rxf4 36. Rdf1 Ref7 37. Rxf4 Rxf4 38. Nd4 Bc5 39. Kg3 Bd6 40. Kg2 Bc5
41. Kg3 Bd6 42. Kg2 Bc5 43. Kg3 Rf7 44. Bg4 Bd6+ 45. Kg2 Rf4 46. Be6+ Kg7 47.
Bd7 Rf7 48. Be6 Rf8 49. Bd7 Kh8 50. h5 gxh5 51. Rxh5 Bc8 52. Bxc8 Rxc8 53. g6
h6 54. Rxd5 Bf4 55. Ne6 Bc1 56. Rd7 Re8 1/2-1/2

[Event "26th WSCC 2016 Open 65+"]
[Site "Marianske Lazne, Czech Republic - Hotel Cristal and Continental"]
[Date "2016.11.24"]
[Round "6.101"]
[White "De Giorgis, Georges"]
[Black "Belokopyt, Boris"]
[Result "0-1"]
[WhiteElo "1653"]
[BlackElo "1898"]
[PlyCount "100"]
[EventDate "2016.11.19"]

1. e4 d6 2. d4 Nf6 3. Nc3 c6 4. Be2 Nbd7 5. Nf3 e5 6. dxe5 dxe5 7. h3 Be7 8.
Be3 O-O 9. a3 Qc7 10. Qc1 b5 11. b4 a6 12. Qb2 Bb7 13. Rd1 Rac8 14. O-O c5 15.
Nd5 Bxd5 16. exd5 cxb4 17. axb4 Qxc2 18. Qxc2 Rxc2 19. Bd3 Rb2 20. d6 Bd8 21.
Bf5 Rxb4 22. Bxd7 Nxd7 23. Rb1 Rxb1 24. Rxb1 f5 25. Bg5 h6 26. Be7 Bxe7 27.
dxe7 Re8 28. Rc1 Rxe7 29. Rc6 a5 30. Nh4 Rf7 31. Ng6 Kh7 32. Nh4 e4 33. g3 a4
34. Ra6 g5 35. Ng2 Ne5 36. Rb6 Nf3+ 37. Kf1 Nd4 38. Rb8 a3 39. h4 Rd7 40. hxg5
hxg5 41. Ne3 Ra7 42. Nxf5 Nxf5 43. Rxb5 Nd4 44. Rxg5 a2 45. Kg2 a1=Q 46. Rg4
Qd1 47. Rxe4 Qf3+ 48. Kh3 Qxe4 49. g4 Ra1 50. f3 Qxf3+ 0-1

[Event "26th WSCC 2016 Open 65+"]
[Site "Marianske Lazne, Czech Republic - Hotel Cristal and Continental"]
[Date "2016.11.24"]
[Round "6.102"]
[White "Svoboda, Jaroslav"]
[Black "Drozdov, Vladimir E"]
[Result "0-1"]
[WhiteElo "1712"]
[BlackElo "1919"]
[PlyCount "74"]
[EventDate "2016.11.19"]

1. d4 d5 2. Nf3 Nf6 3. c4 e6 4. Bg5 Be7 5. e3 c6 6. a3 Nbd7 7. cxd5 exd5 8. Be2
O-O 9. O-O Re8 10. Nc3 Nf8 11. b4 Bf5 12. Nd2 Ng6 13. f3 h6 14. g4 Bd7 15. Bf4
Nxf4 16. exf4 Bd6 17. Nb3 Bxf4 18. Nc5 Qc7 19. h4 Re3 20. Rc1 Rae8 21. Rc2 Bc8
22. b5 Bg3 23. bxc6 bxc6 24. Nd3 Bxh4 25. Ne5 h5 26. Nb5 Qb8 27. Rxc6 R3xe5 28.
Nd6 Rxe2 29. Qxe2 Rxe2 30. Rxc8+ Qxc8 31. Nxc8 hxg4 32. fxg4 Bg5 33. Rf3 a6 34.
Rf5 Be3+ 35. Kh1 Bxd4 36. g5 Ne4 37. Rxd5 Ng3# 0-1

[Event "26th WSCC 2016 Open 65+"]
[Site "Marianske Lazne, Czech Republic - Hotel Cristal and Continental"]
[Date "2016.11.24"]
[Round "6.103"]
[White "Choong, Liong-On Mark"]
[Black "Rychtecky, Pavel"]
[Result "1-0"]
[WhiteElo "1908"]
[BlackElo "1601"]
[PlyCount "77"]
[EventDate "2016.11.19"]

1. c4 e6 2. g3 Nf6 3. Bg2 d5 4. Nf3 d4 5. b4 c5 6. Bb2 Bd6 7. O-O O-O 8. e3
dxe3 9. fxe3 Nc6 10. b5 Na5 11. Qc2 Re8 12. Ng5 e5 13. Bd5 Be6 14. Nxe6 fxe6
15. Bg2 Qc7 16. d3 Rf8 17. Nc3 Rae8 18. Qe2 b6 19. Ne4 Re7 20. Rf2 Nxe4 21.
Rxf8+ Kxf8 22. Bxe4 Kg8 23. Qh5 g6 24. Qg4 Qd7 25. h4 Rg7 26. Rf1 Qe7 27. Bc3
Bc7 28. Bg2 Rf7 29. Qe4 Rxf1+ 30. Bxf1 Qd6 31. Bh3 Kg7 32. Kf2 Qf8+ 33. Ke2 Qd6
34. Bg2 Kh6 35. g4 Bb8 36. g5+ Kg7 37. Qf4 Kg8 38. Qf6 Bc7 39. Bh3 1-0

[Event "26th WSCC 2016 Open 65+"]
[Site "Marianske Lazne, Czech Republic - Hotel Cristal and Continental"]
[Date "2016.11.24"]
[Round "6.104"]
[White "Do Prado, Hamilton Mesquita"]
[Black "Marcovici, Adrian"]
[Result "0-1"]
[WhiteElo "1672"]
[BlackElo "1906"]
[PlyCount "73"]
[EventDate "2016.11.19"]

1. d4 d5 2. Bf4 c6 3. e3 Bf5 4. c4 e6 5. a3 Nf6 6. Nc3 Nbd7 7. c5 Be7 8. h3 O-O
9. Nf3 Ne4 10. Nxe4 dxe4 11. Ne5 Nxe5 12. Bxe5 b5 13. b4 Qd5 14. Be2 a5 15.
bxa5 Rxa5 16. Qd2 Rfa8 17. Qc3 Qd7 18. O-O Qa7 19. d5 f6 20. d6 Bd8 21. Bg3 e5
22. Bxe5 fxe5 23. Qxe5 Qd7 24. Rac1 Bf6 25. Qg3 Bb2 26. Rc2 Bxa3 27. Bg4 Bxg4
28. hxg4 Re8 29. Rd1 b4 30. Rb1 b3 31. Rxb3 Bxc5 32. Rd2 Raa8 33. Rb1 Re6 34.
Rbd1 Rd8 35. Qf4 Rxd6 36. Rxd6 Bxd6 37. Rxd6 0-1

[Event "26th WSCC 2016 Open 65+"]
[Site "Marianske Lazne, Czech Republic - Hotel Cristal and Continental"]
[Date "2016.11.24"]
[Round "6.106"]
[White "Zak, Jiri"]
[Black "Schmieder, Siegfried"]
[Result "0-1"]
[WhiteElo "1628"]
[BlackElo "2052"]
[PlyCount "68"]
[EventDate "2016.11.19"]

1. d4 f5 2. g3 Nf6 3. c4 g6 4. Bg2 Bg7 5. Nc3 Nc6 6. Nf3 O-O 7. O-O e6 8. Bg5
d6 9. Qd2 Qe8 10. Bh6 Ne4 11. Nxe4 fxe4 12. Ne1 Bxh6 13. Qxh6 Nxd4 14. Qe3 e5
15. Bxe4 Bh3 16. Bg2 Bxg2 17. Kxg2 Qc6+ 18. Kg1 Qxc4 19. Qd3 Nxe2+ 20. Kg2 Qc6+
21. f3 Nd4 22. Rb1 Rf7 23. b3 Raf8 24. Qc4 Qxc4 25. bxc4 c5 26. Rb2 e4 27. f4
g5 28. Rbf2 e3 29. Rb2 gxf4 30. gxf4 b6 31. Nd3 Ne6 32. Re2 Nxf4+ 33. Nxf4 Rxf4
34. Rxe3 Rxf1 0-1

[Event "26th WSCC 2016 Open 65+"]
[Site "Marianske Lazne, Czech Republic - Hotel Cristal and Continental"]
[Date "2016.11.24"]
[Round "6.107"]
[White "Andersson, Finn"]
[Black "Benson, Lachlan"]
[Result "1/2-1/2"]
[WhiteElo "1833"]
[BlackElo "1988"]
[PlyCount "37"]
[EventDate "2016.11.19"]

1. e4 d5 2. exd5 Qxd5 3. Qf3 Qxf3 4. Nxf3 Nf6 5. d4 Bf5 6. c4 e6 7. a3 Nbd7 8.
Nc3 c6 9. Be2 Bd6 10. Bg5 h6 11. Bh4 O-O 12. Bg3 Bxg3 13. hxg3 Rfd8 14. O-O-O
Ne4 15. Nxe4 Bxe4 16. Nd2 Bg6 17. f4 Rac8 18. Bf3 b5 19. c5 $11 1/2-1/2

[Event "26th WSCC 2016 Open 65+"]
[Site "Marianske Lazne, Czech Republic - Hotel Cristal and Continental"]
[Date "2016.11.24"]
[Round "6.108"]
[White "Korenevski, Oleg"]
[Black "Mortensen, Steen Juul"]
[Result "1/2-1/2"]
[WhiteElo "1823"]
[BlackElo "1975"]
[PlyCount "60"]
[EventDate "2016.11.19"]

1. e4 e5 2. Nf3 Nc6 3. Bc4 Be7 4. O-O Nf6 5. Nc3 d6 6. h3 Be6 7. Bxe6 fxe6 8.
d4 exd4 9. Nxd4 Qd7 10. Be3 O-O 11. Qe2 a6 12. Rad1 Nxd4 13. Bxd4 Ne8 14. Rd3
Rf7 15. f4 Qc8 16. Rdf3 c5 17. Be3 Nc7 18. Na4 Qe8 19. Nb6 Rb8 20. f5 Qc6 21.
Nc4 Qxe4 22. Rf4 Qd5 23. Rd1 Qc6 24. fxe6 Nxe6 25. Rxf7 Kxf7 26. Qh5+ Kg8 27.
Qf5 Nf8 28. Rf1 Bf6 29. Bg5 Bd4+ 30. Kh1 Qd7 1/2-1/2

[Event "26th WSCC 2016 Open 65+"]
[Site "Marianske Lazne, Czech Republic - Hotel Cristal and Continental"]
[Date "2016.11.24"]
[Round "6.109"]
[White "Weller, Karl"]
[Black "Lacha, Jan"]
[Result "1/2-1/2"]
[WhiteElo "1969"]
[BlackElo "1796"]
[PlyCount "64"]
[EventDate "2016.11.19"]

1. c4 c5 2. Nf3 Nc6 3. d4 cxd4 4. Nxd4 g6 5. e4 Bg7 6. Be3 d6 7. Nc3 Nf6 8. f3
a6 9. Be2 Qc7 10. Qd2 Nxd4 11. Bxd4 Be6 12. Rc1 Rc8 13. b3 h5 14. Be3 Qa5 15.
O-O h4 16. Nd5 Qxd2 17. Bxd2 Bxd5 18. cxd5 Rxc1 19. Rxc1 Kd7 20. Be3 Bh6 21.
Kf2 e5 22. b4 Bxe3+ 23. Kxe3 g5 24. a4 Rc8 25. Rxc8 Kxc8 26. a5 b5 27. Bf1 Nh5
28. Kf2 Kc7 29. g3 hxg3+ 30. hxg3 Kd8 31. Bh3 Kc7 32. Bg4 Nf6 $11 1/2-1/2

[Event "26th WSCC 2016 Open 65+"]
[Site "Marianske Lazne, Czech Republic - Hotel Cristal and Continental"]
[Date "2016.11.24"]
[Round "6.110"]
[White "Ingham, William"]
[Black "Schwertel, Johann"]
[Result "1/2-1/2"]
[WhiteElo "1814"]
[BlackElo "1961"]
[PlyCount "30"]
[EventDate "2016.11.19"]

1. d4 d5 2. Nf3 Nf6 3. e3 Bg4 4. h3 Bh5 5. g4 Bg6 6. Ne5 Ne4 7. h4 f6 8. h5 Bf7
9. Nxf7 Kxf7 10. Nd2 Nd6 11. Bd3 Nd7 12. f4 e6 13. Nf3 c6 14. c3 Ke7 15. Qc2 h6
1/2-1/2

[Event "26th WSCC 2016 Open 65+"]
[Site "Marianske Lazne, Czech Republic - Hotel Cristal and Continental"]
[Date "2016.11.24"]
[Round "6.111"]
[White "Gutt, Gregory"]
[Black "Mittelbach, Zdenek"]
[Result "0-1"]
[WhiteElo "1766"]
[BlackElo "1944"]
[PlyCount "102"]
[EventDate "2016.11.19"]

1. e4 d6 2. d4 g6 3. Nf3 Bg7 4. c3 Nf6 5. Bd3 O-O 6. Nbd2 c5 7. O-O cxd4 8.
cxd4 Nh5 9. Nb3 Nc6 10. Bd2 Bg4 11. Bc3 Nf4 12. Be2 Qb6 13. Re1 a5 14. a4 e5
15. d5 Nxe2+ 16. Rxe2 Ne7 17. Qc2 f5 18. Nbd2 fxe4 19. Qxe4 Bf5 20. Qe3 Qxe3
21. fxe3 Bd3 22. Ree1 Nxd5 23. e4 Nf4 24. Kf2 Bh6 25. Nf1 Bc2 26. Kg1 Nh3+ 27.
gxh3 Rxf3 28. Ng3 b6 29. Rf1 Raf8 30. Kg2 Rxf1 31. Rxf1 Rxf1 32. Kxf1 Bxa4 33.
Ke2 Bb5+ 34. Kf3 Kf7 35. h4 Ke6 36. h5 d5 37. hxg6 hxg6 38. exd5+ Kxd5 39. Ne4
Be2+ 40. Kxe2 Kxe4 41. h3 Bf8 42. Bd2 a4 43. Be3 b5 44. Bd2 b4 45. h4 Kd5 46.
Kd3 e4+ 47. Kc2 Kd4 48. Kd1 e3 49. Be1 Kd3 50. Bg3 e2+ 51. Kc1 Bh6+ 0-1

[Event "26th WSCC 2016 Open 65+"]
[Site "Marianske Lazne, Czech Republic - Hotel Cristal and Continental"]
[Date "2016.11.24"]
[Round "6.112"]
[White "Filzmaier, Bruno"]
[Black "Bernardo Jimenez, Fernando"]
[Result "1/2-1/2"]
[WhiteElo "1760"]
[BlackElo "1926"]
[PlyCount "41"]
[EventDate "2016.11.19"]

1. a3 d5 2. e3 Nf6 3. d4 Bf5 4. Nf3 e6 5. b4 c6 6. c4 Nbd7 7. Bb2 Bd6 8. h3 O-O
9. Nbd2 Ne4 10. Be2 Bg6 11. O-O f5 12. Nb3 Qe7 13. Nc5 Nexc5 14. bxc5 Bc7 15.
Rc1 Rfc8 16. Rc3 Rab8 17. Rb3 b6 18. cxd5 exd5 19. Ba6 Rd8 20. cxb6 axb6 21.
Bd3 1/2-1/2

[Event "26th WSCC 2016 Open 65+"]
[Site "Marianske Lazne, Czech Republic - Hotel Cristal and Continental"]
[Date "2016.11.24"]
[Round "6.113"]
[White "El Gheiadi, I."]
[Black "Scholtyssek, Werner"]
[Result "1-0"]
[WhiteElo "1918"]
[BlackElo "1734"]
[PlyCount "91"]
[EventDate "2016.11.19"]

1. e4 d5 2. exd5 Qxd5 3. Nc3 Qa5 4. d4 c6 5. Bd3 Nf6 6. Nge2 Bg4 7. f3 Be6 8.
O-O g6 9. Kh1 Bg7 10. b4 Qd8 11. Be3 O-O 12. Qd2 Re8 13. h3 Nbd7 14. Nf4 Nd5
15. Ncxd5 cxd5 16. Nxe6 fxe6 17. c3 e5 18. Bb5 a6 19. Ba4 b5 20. Bb3 Nb6 21.
dxe5 Nc4 22. Bxc4 bxc4 23. Bd4 e6 24. f4 Qh4 25. Bf2 Qd8 26. Kh2 Rf8 27. Bc5
Rf7 28. a4 Bf8 29. Bd4 Rb7 30. Rab1 Qd7 31. a5 Qd8 32. Bb6 Qc8 33. Qd4 Qc6 34.
Kg3 Be7 35. Kh2 Bd8 36. Bc5 Be7 37. Qf2 Rab8 38. Bxe7 Rxe7 39. Qd4 Rb5 40. Rf3
Qb7 41. Rbf1 Qc8 42. g4 Rf7 43. Kg3 Qd8 44. f5 gxf5 45. gxf5 Rg7+ 46. Kh2 1-0

[Event "26th WSCC 2016 Open 65+"]
[Site "Marianske Lazne, Czech Republic - Hotel Cristal and Continental"]
[Date "2016.11.24"]
[Round "6.114"]
[White "Dvorak, Pavel"]
[Black "Prachar, Josef"]
[Result "0-1"]
[WhiteElo "1753"]
[BlackElo "1918"]
[PlyCount "48"]
[EventDate "2016.11.19"]

1. Nf3 g6 2. g3 Bg7 3. Bg2 d6 4. O-O Nd7 5. d3 e5 6. e4 Ne7 7. Be3 O-O 8. Nc3
c6 9. Qc1 f5 10. Ng5 Nf6 11. f4 h6 12. fxe5 dxe5 13. Nf3 Ng4 14. Bf2 Nxf2 15.
Rxf2 Qb6 16. Rb1 f4 17. Qf1 fxg3 18. hxg3 Bg4 19. Kh1 Rf7 20. Ne2 Raf8 21. Neg1
c5 22. c3 g5 23. Qe2 Qg6 24. Qe3 Qh5+ 0-1